Normal view
MARC view
Entry Nombre personal
001 - NÚMERO DE CONTROL
- campo de control: 85182
003 - IDENTIFICADOR DEL NÚMERO DE CONTROL
- campo de control: BNPHU
005 - FECHA Y HORA DE LA ÚLTIMA TRANSACCIÓN
- campo de control: 20250221105256.0
008 - DATOS DE LONGITUD FIJA
- campo de control de longitud fija: 240410|| aca||aabn | a|a d
040 ## - FUENTE DE LA CATALOGACIÓN
- Centro catalogador/agencia de origen: DO-SdBNP
- Lengua de catalogación: spa
- Centro/agencia transcriptor: BNPHU
- Normas de descripción: rda
100 1# - ENCABEZAMIENTO-NOMBRE DE PERSONA
- Nombre de persona: Soto Rodríguez, José Antonio
400 1# - TRAZADO DE VÉASE--NOMBRE DE PERSONA
- Nombre de persona: Rodríguez, José Antonio Soto
670 ## - FUENTE DE DATOS ENCONTRADOS
- Cita de la fuente: Work cat.: (DO-SdBNP)56329: Soto Rodríguez, José Antonio, autor, Narciso Isa Conde y su pensamiento revolucionario de izquierda en República Dominicana /
670 ## - FUENTE DE DATOS ENCONTRADOS
- Cita de la fuente: Desafíos de la izquierda latinoamericana en los umbrales del tercer milenio, 2002:
- Información encontrada: portada (José Antonio Soto Rodríguez) p. [4] de cubierta (n. Santiago de Cuba, 5 de noviembre de 1951)
670 ## - FUENTE DE DATOS ENCONTRADOS
- Identificador Uniforme del Recurso: https://authorities.loc.gov/cgi-bin/Pwebrecon.cgi?AuthRecID=6403563&v1=1&HC=1&SEQ=20250221104617&PID=H2EpXtEZnOuNwKzfQXXruNCCX7ir Consultado en 21 de febrero, 2025
